| 000 | 00543nam a2200217Ia 4500 | ||
|---|---|---|---|
| 008 | 160404s9999 xx 000 0 und d | ||
| 020 | _a971-93495-3-0 | ||
| 050 | _aFIL TH 6123 | ||
| 050 | _b.B37 2006 | ||
| 100 | _aBarba, Joshua A. | ||
| 245 | _aPlumbing / | ||
| 245 | _cJoushua A. Barba. | ||
| 260 | _aLegazpi City: | ||
| 260 | _bConvergelink Books Corp., | ||
| 260 | _c2006 | ||
| 300 | _a392 pages : | ||
| 300 | _billustrations ; | ||
| 300 | _c25 cm. | ||
| 650 | _aPlumbing -- Handbooks, manuals, etc. | ||
| 650 | _xPlumbing. | ||
| 999 |
_c293339 _d293339 |
||